00221nam a2200085Ia 450000100070000000500170000700800410002424500510006526000190011666329620250826160210.0250824s9999 xx 000 0 und d 0a10 Haylaz mı Haylaz Bir Melek!cR. L. Stine bBEYAZ BALİNA